[Event "I Lublin GM Tournament 2009"]
[Site "Lubin POL"]
[Date "2009.06.02"]
[Round "5.4"]
[White "Dziuba, Marcin"]
[Black "Gajewski, Grzegorz"]
[Result "0-1"]
[WhiteElo "2535"]
[BlackElo "2571"]
[PlyCount "134"]
[EventDate "2009.05.29"]
[EventType "tourn"]
[EventRounds "9"]
[EventCountry "POL"]
[EventCategory "15"]
[Source "lmi"]
[SourceDate "2009.05.29"]

1. Nf3 Nf6 2. g3 d5 3. Bg2 e6 4. O-O b5 5. d3 Bb7 6. Nbd2 Be7 7. e4 dxe4 8. Ng5
Nbd7 9. Ngxe4 Nxe4 10. Nxe4 O-O 11. a4 a6 12. Nf6+ Bxf6 13. Bxb7 Rb8 14. Bxa6
bxa4 15. c3 Nc5 16. Bc4 Qd7 17. Be3 Nb3 18. Ra2 Qc6 19. Qe2 Na5 20. Rfa1 Nb3
21. Bxb3 axb3 22. Ra6 Qd7 23. d4 Be7 24. Qc4 Bd6 25. Qa4 Qd8 26. Qc6 Qf6 27.
Qe4 e5 28. dxe5 Qxe5 29. Qxe5 Bxe5 30. Kf1 Rfd8 31. Ke2 f6 32. Ra7 Kf7 33. f4
Bd6 34. Kf3 Re8 35. R1a5 Ke6 36. Ke4 Kd7+ 37. Kd3 Kc6 38. R7a6+ Kd7 39. Ra7 Kc6
40. R5a6+ Kd7 41. Bf2 Rbd8 42. Ra4 h5 43. Re4 Rxe4 44. Kxe4 Kc6 45. c4 Bb4 46.
Ra6+ Kb7 47. Ra7+ Kb8 48. Ra4 c5 49. Kf5 Rd1 50. Kg6 h4 51. gxh4 Rd2 52. Bxc5
Bxc5 53. Ra5 Rg2+ 54. Kf7 Be3 55. Rb5+ Kc7 56. Rxb3 Bxf4 57. Rf3 Bh6 58. b4 Rg4
59. Rc3 Rxh4 60. h3 Re4 61. Rc2 f5 62. Kg6 f4 63. b5 f3 64. c5 Be3 65. b6+ Kc6
66. Rb2 f2 67. b7 Re8 0-1

[Event "I Lublin GM Tournament 2009"]
[Site "Lubin POL"]
[Date "2009.06.02"]
[Round "5.5"]
[White "Grachev, Boris"]
[Black "Khenkin, Igor"]
[Result "1/2-1/2"]
[WhiteElo "2652"]
[BlackElo "2630"]
[PlyCount "69"]
[EventDate "2009.05.29"]
[EventType "tourn"]
[EventRounds "9"]
[EventCountry "POL"]
[EventCategory "15"]
[Source "lmi"]
[SourceDate "2009.05.29"]

1. d4 Nf6 2. c4 e6 3. Nf3 d5 4. e3 Be7 5. b3 O-O 6. Bb2 b6 7. Bd3 c5 8. O-O Bb7
9. Nbd2 cxd4 10. exd4 Nc6 11. Qe2 Re8 12. Rfd1 Bf8 13. Qe3 g6 14. h3 Bg7 15.
Ne5 dxc4 16. bxc4 Rc8 17. Rac1 Qc7 18. Ba3 Rcd8 19. Ndf3 Nxe5 20. dxe5 Nd7 21.
Bd6 Qc6 22. Bf1 Qa4 23. Nd4 Nc5 24. Nb3 Ne4 25. c5 Nxc5 26. Nxc5 bxc5 27. Qxc5
Rc8 28. Qb5 Qxb5 29. Bxb5 Red8 30. Rxc8 Rxc8 31. Bd7 Rd8 32. Bc7 Ra8 33. a4 Bd5
34. Rb1 a6 35. a5 1/2-1/2

[Event "I Lublin GM Tournament 2009"]
[Site "Lubin POL"]
[Date "2009.06.03"]
[Round "6.2"]
[White "Gajewski, Grzegorz"]
[Black "Grachev, Boris"]
[Result "0-1"]
[WhiteElo "2571"]
[BlackElo "2652"]
[PlyCount "88"]
[EventDate "2009.05.29"]
[EventType "tourn"]
[EventRounds "9"]
[EventCountry "POL"]
[EventCategory "15"]
[Source "lmi"]
[SourceDate "2009.05.29"]

1. d4 d5 2. c4 c6 3. Nf3 Nf6 4. Nc3 e6 5. e3 Nbd7 6. Be2 Bd6 7. b3 b6 8. O-O
Bb7 9. Bb2 O-O 10. Qc2 Qe7 11. Rad1 c5 12. cxd5 exd5 13. Nb5 Bb8 14. dxc5 bxc5
15. b4 cxb4 16. Rc1 Ne5 17. Nc7 Nxf3+ 18. gxf3 Rc8 19. Nxa8 Rxc2 20. Rxc2 Qd6
21. f4 Ne4 22. Rfc1 h6 23. Nc7 Bxc7 24. Rxc7 Nc3 25. R7xc3 bxc3 26. Bxc3 d4 27.
Bxd4 Qd5 28. f3 Qxa2 29. Bf1 Qd2 30. Rc7 Bxf3 31. Rxa7 Qe1 32. Ra2 Be4 33. Re2
Qd1 34. Kf2 h5 35. Rb2 Qg4 36. Rb8+ Kh7 37. Rb5 Qh4+ 38. Kg1 Qg4+ 39. Kf2 Qh4+
40. Kg1 f6 41. Rb2 Qg4+ 42. Kf2 Qf3+ 43. Ke1 Qh1 44. h3 Bd3 0-1

[Event "I Lublin GM Tournament 2009"]
[Site "Lubin POL"]
[Date "2009.06.03"]
[Round "6.3"]
[White "Malakhatko, Vadim"]
[Black "Dziuba, Marcin"]
[Result "0-1"]
[WhiteElo "2610"]
[BlackElo "2535"]
[PlyCount "90"]
[EventDate "2009.05.29"]
[EventType "tourn"]
[EventRounds "9"]
[EventCountry "POL"]
[EventCategory "15"]
[Source "lmi"]
[SourceDate "2009.05.29"]

1. d4 d5 2. c4 c6 3. Nc3 Nf6 4. e3 a6 5. Nf3 b5 6. b3 Bg4 7. Bd2 Nbd7 8. h3
Bxf3 9. Qxf3 b4 10. Na4 e5 11. c5 a5 12. O-O-O g6 13. Be1 Bg7 14. g4 O-O 15.
Qg2 exd4 16. exd4 Ne4 17. f3 Nexc5 18. dxc5 Qf6 19. Bd3 Rfe8 20. g5 Qa1+ 21.
Bb1 Re3 22. Qc2 Rxf3 23. Rd3 Ne5 24. Rxf3 Nxf3 25. Qg2 Nxe1 26. Rxe1 Qd4 27.
Qg3 h6 28. h4 h5 29. Re2 Rf8 30. Re1 Bh8 31. Bd3 Qa1+ 32. Bb1 Qd4 33. Rd1 Be5
34. Rxd4 Bxg3 35. Kd1 Re8 36. Bc2 Re1+ 37. Kd2 Rh1 38. Ke2 Rh2+ 39. Kf3 Be5 40.
Rd3 Rxc2 41. Re3 Bd4 42. Re8+ Kg7 43. Rc8 Bxc5 44. Rxc6 Rf2+ 45. Kg3 Bd4 0-1

[Event "I Lublin GM Tournament 2009"]
[Site "Lubin POL"]
[Date "2009.06.03"]
[Round "6.4"]
[White "Roiz, Michael"]
[Black "Bartel, Mateusz"]
[Result "1-0"]
[WhiteElo "2635"]
[BlackElo "2601"]
[PlyCount "87"]
[EventDate "2009.05.29"]
[EventType "tourn"]
[EventRounds "9"]
[EventCountry "POL"]
[EventCategory "15"]
[Source "lmi"]
[SourceDate "2009.05.29"]

1. Nf3 Nf6 2. c4 e6 3. d4 b6 4. a3 Bb7 5. Nc3 d5 6. Bf4 Bd6 7. Bg5 a6 8. cxd5
exd5 9. g3 Nbd7 10. Bh3 O-O 11. Qb3 h6 12. Bf4 Bxf4 13. gxf4 c5 14. O-O cxd4
15. Nxd4 Nc5 16. Qc2 Nfe4 17. e3 Qh4 18. Bg2 Rac8 19. Rfd1 Ne6 20. Nf5 Qf6 21.
Bxe4 dxe4 22. Nd6 Ba8 23. Nxc8 Rxc8 24. Rd6 Rc5 25. Qd1 g5 26. Nd5 Bxd5 27.
Rxd5 gxf4 28. Rxc5 bxc5 29. Qg4+ Kf8 30. exf4 Nxf4 31. Rf1 h5 32. Qc8+ Kg7 33.
Kh1 Ng6 34. Qh3 h4 35. Qe3 Qxb2 36. Rc1 Kg8 37. Rxc5 Qa1+ 38. Rc1 Qb2 39. Rc8+
Kh7 40. Rc1 Qf6 41. Rc4 h3 42. Qxh3+ Nh4 43. Rc1 Kg7 44. Qc3 1-0

[Event "I Lublin GM Tournament 2009"]
[Site "Lubin POL"]
[Date "2009.06.03"]
[Round "6.5"]
[White "Socko, Bartosz"]
[Black "Wojtaszek, Radoslaw"]
[Result "1/2-1/2"]
[WhiteElo "2637"]
[BlackElo "2630"]
[PlyCount "90"]
[EventDate "2009.05.29"]
[EventType "tourn"]
[EventRounds "9"]
[EventCountry "POL"]
[EventCategory "15"]
[Source "lmi"]
[SourceDate "2009.05.29"]

1. c4 e6 2. Nf3 Nf6 3. g3 d5 4. Bg2 dxc4 5. Qa4+ c6 6. Qxc4 b5 7. Qc2 Bb7 8. a4
a6 9. O-O Nbd7 10. Nc3 Rc8 11. b3 Be7 12. Bb2 O-O 13. Rfc1 Qb6 14. Ne1 Rfd8 15.
Rcb1 Nd5 16. Nxd5 cxd5 17. Qd1 b4 18. Rc1 Nc5 19. Bd4 Qd6 20. Bxc5 Rxc5 21.
Rxc5 Qxc5 22. d4 Qb6 23. Rc1 a5 24. e3 Rc8 25. Rxc8+ Bxc8 26. Qc2 Bb7 27. Bf1
Qc6 28. Qxc6 Bxc6 29. f3 Bd6 30. Kf2 Kf8 31. Bd3 h6 32. e4 f6 33. Ke3 Ke7 34.
f4 dxe4 35. Bxe4 Be8 36. Nf3 g5 37. Nd2 Bc7 38. Nc4 Bh5 39. Bf3 Bg6 40. Be4 Bh5
41. Bc2 Bg4 42. Nd2 Bb6 43. Nc4 Bc7 44. Nd2 Bb6 45. Nc4 Bc7 1/2-1/2

[Event "I Lublin GM Tournament 2009"]
[Site "Lubin POL"]
[Date "2009.06.04"]
[Round "7.1"]
[White "Wojtaszek, Radoslaw"]
[Black "Zhigalko, Sergei"]
[Result "1/2-1/2"]
[WhiteElo "2630"]
[BlackElo "2622"]
[PlyCount "103"]
[EventDate "2009.05.29"]
[EventType "tourn"]
[EventRounds "9"]
[EventCountry "POL"]
[EventCategory "15"]
[Source "lmi"]
[SourceDate "2009.05.29"]

1. d4 Nf6 2. c4 e6 3. Nc3 Bb4 4. Nf3 c5 5. g3 cxd4 6. Nxd4 O-O 7. Bg2 d5 8.
cxd5 Nxd5 9. Bd2 Bxc3 10. bxc3 e5 11. Nb5 Nc6 12. Bc1 Be6 13. O-O a6 14. c4 Nb6
15. Qxd8 Raxd8 16. Nc7 Nxc4 17. Nxe6 fxe6 18. Bxc6 bxc6 19. Bg5 Rd4 20. Rac1
Rb8 21. e3 Rg4 22. Be7 Nd2 23. Rfd1 Rc4 24. Rxc4 Nxc4 25. Rc1 Nd2 26. Rxc6 e4
27. Kg2 Rb1 28. g4 Kf7 29. Bd6 Nf3 30. Bg3 a5 31. Ra6 g5 32. Ra7+ Kg6 33. Re7
Kf6 34. Rxh7 Rg1+ 35. Kh3 Ra1 36. Rc7 Rxa2 37. Rc4 Nd2 38. Rc5 Nf3 39. Rc4 Nd2
40. Rc5 a4 41. Be5+ Kg6 42. Rc6 Nf3 43. Kg3 Kf7 44. Rc7+ Kg6 45. Rg7+ Kh6 46.
Bf6 e5 47. Re7 Ra1 48. Bxe5 Nxe5 49. Rxe5 a3 50. Kg2 a2 51. Ra5 Kg6 52. Ra6+
1/2-1/2

[Event "I Lublin GM Tournament 2009"]
[Site "Lubin POL"]
[Date "2009.06.04"]
[Round "7.2"]
[White "Bartel, Mateusz"]
[Black "Socko, Bartosz"]
[Result "1/2-1/2"]
[WhiteElo "2601"]
[BlackElo "2635"]
[PlyCount "112"]
[EventDate "2009.05.29"]
[EventType "tourn"]
[EventRounds "9"]
[EventCountry "POL"]
[EventCategory "15"]
[Source "lmi"]
[SourceDate "2009.05.29"]

1. e4 e5 2. Nf3 Nc6 3. Bb5 a6 4. Ba4 Nf6 5. O-O Be7 6. Re1 b5 7. Bb3 d6 8. c3
O-O 9. d4 Bg4 10. Be3 exd4 11. cxd4 Na5 12. Bc2 c5 13. dxc5 dxc5 14. Nc3 Nc6
15. h3 Qxd1 16. Raxd1 Bxf3 17. gxf3 Rad8 18. Bb1 Rxd1 19. Rxd1 Rd8 20. Rxd8+
Nxd8 21. e5 Nd7 22. Nd5 Bf8 23. f4 g6 24. Nc7 Nb8 25. f5 gxf5 26. Bxf5 b4 27.
f4 c4 28. Kf2 a5 29. Bb6 a4 30. Ke3 b3 31. axb3 cxb3 32. Kd3 Nbc6 33. Kc4 Bh6
34. Nd5 Ne6 35. Be3 Kf8 36. Bxh7 Ne7 37. Nxe7 Kxe7 38. Bd2 Bxf4 39. Bb4+ Kd8
40. Bc3 Ng5 41. Bf5 Nf3 42. e6 fxe6 43. Bxe6 Be5 44. Kb4 Bxc3+ 45. Kxc3 Ke7 46.
Bc4 Kf6 47. Bb5 Ng5 48. h4 Nf3 49. h5 Kg5 50. Be2 Ng1 51. Bd1 Nh3 52. Bf3 Nf4
53. Kc4 Nxh5 54. Bxh5 a3 55. Kxb3 axb2 56. Kxb2 Kxh5 1/2-1/2

[Event "I Lublin GM Tournament 2009"]
[Site "Lubin POL"]
[Date "2009.06.04"]
[Round "7.3"]
[White "Dziuba, Marcin"]
[Black "Roiz, Michael"]
[Result "1/2-1/2"]
[WhiteElo "2535"]
[BlackElo "2630"]
[PlyCount "99"]
[EventDate "2009.05.29"]
[EventType "tourn"]
[EventRounds "9"]
[EventCountry "POL"]
[EventCategory "15"]
[Source "lmi"]
[SourceDate "2009.05.29"]

1. d4 Nf6 2. c4 e6 3. Nc3 Bb4 4. g3 O-O 5. Bg2 d5 6. Nf3 dxc4 7. a3 Bxc3+ 8.
bxc3 c5 9. Qa4 cxd4 10. cxd4 Bd7 11. Qxc4 Bc6 12. O-O Bd5 13. Qa4 Nc6 14. Rb1
Qd7 15. Be3 b6 16. Rfc1 Rac8 17. Bf1 Be4 18. Ra1 Bxf3 19. exf3 Nb8 20. Qxd7
Nbxd7 21. Ba6 Rxc1+ 22. Rxc1 Nd5 23. Bb7 N7f6 24. g4 Rb8 25. Ba6 Kf8 26. Bd2
Ne8 27. Bd3 h6 28. Kg2 Nd6 29. h4 Ke7 30. h5 Kd7 31. Kg3 b5 32. Rc5 a6 33. f4
Nc4 34. Bxc4 bxc4 35. Rxc4 Rb3+ 36. f3 Rxa3 37. Be1 Ra1 38. Bd2 Ra2 39. Bc1 a5
40. Rc5 a4 41. f5 Ra1 42. fxe6+ fxe6 43. Bb2 Rg1+ 44. Kh4 Rh1+ 45. Kg3 Rg1+ 46.
Kh4 Rb1 47. Bc1 Rb3 48. Ra5 Rc3 49. Bd2 Rd3 50. Bc1 1/2-1/2

[Event "I Lublin GM Tournament 2009"]
[Site "Lubin POL"]
[Date "2009.06.04"]
[Round "7.4"]
[White "Grachev, Boris"]
[Black "Malakhatko, Vadim"]
[Result "1-0"]
[WhiteElo "2652"]
[BlackElo "2618"]
[PlyCount "83"]
[EventDate "2009.05.29"]
[EventType "tourn"]
[EventRounds "9"]
[EventCountry "POL"]
[EventCategory "15"]
[Source "lmi"]
[SourceDate "2009.05.29"]

1. c4 g6 2. d4 Bg7 3. Nf3 d6 4. Nc3 Nf6 5. g3 O-O 6. Bg2 c6 7. O-O Bf5 8. Ne1
Qc8 9. e4 Bh3 10. f3 Bxg2 11. Kxg2 a6 12. a4 a5 13. Be3 Na6 14. Nd3 Nd7 15. Qd2
Qc7 16. g4 e6 17. Rac1 Rae8 18. g5 Nb4 19. Nxb4 axb4 20. Ne2 c5 21. Rfd1 Rd8
22. b3 Nb8 23. d5 e5 24. Ng3 Qe7 25. h4 Nd7 26. Rh1 Rde8 27. Rcf1 f5 28. exf5
gxf5 29. f4 e4 30. Qe2 Bd4 31. Rd1 Bxe3 32. Qxe3 Qg7 33. Nf1 Ne5 34. fxe5 Qxe5
35. Re1 f4 36. Qf2 Qc3 37. Rh3 e3 38. Qe2 f3+ 39. Rxf3 Rxf3 40. Kxf3 Rf8+ 41.
Kg4 h5+ 42. gxh6 1-0

[Event "I Lublin GM Tournament 2009"]
[Site "Lubin POL"]
[Date "2009.06.04"]
[Round "7.5"]
[White "Khenkin, Igor"]
[Black "Gajewski, Grzegorz"]
[Result "1/2-1/2"]
[WhiteElo "2630"]
[BlackElo "2571"]
[PlyCount "120"]
[EventDate "2009.05.29"]
[EventType "tourn"]
[EventRounds "9"]
[EventCountry "POL"]
[EventCategory "15"]
[Source "lmi"]
[SourceDate "2009.05.29"]

1. d4 Nf6 2. c4 e6 3. Nf3 d5 4. Nc3 Bb4 5. cxd5 exd5 6. Bg5 h6 7. Bh4 c5 8.
dxc5 O-O 9. Rc1 g5 10. Bg3 Ne4 11. e3 Qa5 12. a3 Bxc3+ 13. bxc3 Qxa3 14. Bd3
Nd7 15. Bxe4 dxe4 16. Nd4 Nxc5 17. O-O Nd3 18. Ra1 Qxc3 19. Nb5 Qc5 20. Nc7 Be6
21. Qh5 Kg7 22. Rab1 Qc6 23. f3 b6 24. Nxa8 Rxa8 25. h4 Qc5 26. fxe4 Qxe3+ 27.
Kh2 Qxe4 28. hxg5 Rh8 29. g6 Qxg6 30. Qxg6+ Kxg6 31. Ra1 Ra8 32. Rfb1 Bd5 33.
Ra4 Nc5 34. Rg4+ Kf5 35. Rd4 Be6 36. Rf1+ Kg6 37. Bh4 a5 38. Rf6+ Kh7 39. Bg3
h5 40. Rh4 Bg4 41. Rxb6 a4 42. Bd6 Ne4 43. Ba3 f5 44. Kg1 Rd8 45. Rb4 Rd1+ 46.
Kh2 Nc3 47. Bb2 Ne2 48. Rxa4 f4 49. Be5 Rf1 50. Re4 Rf2 51. Bd4 Nxd4 52. Rxd4
Rf1 53. g3 fxg3+ 54. Kg2 Be2 55. Rd2 Re1 56. Rb4 Bg4 57. Kxg3 Re6 58. Rb8 Rf6
59. Rc2 Kg6 60. Rg8+ Kh7 1/2-1/2

[Event "I Lublin GM Tournament 2009"]
[Site "Lubin POL"]
[Date "2009.06.05"]
[Round "8.1"]
[White "Zhigalko, Sergei"]
[Black "Gajewski, Grzegorz"]
[Result "1-0"]
[WhiteElo "2622"]
[BlackElo "2571"]
[PlyCount "101"]
[EventDate "2009.05.29"]
[EventType "tourn"]
[EventRounds "9"]
[EventCountry "POL"]
[EventCategory "15"]
[Source "lmi"]
[SourceDate "2009.05.29"]

1. e4 e5 2. Nf3 Nc6 3. Bb5 Nf6 4. O-O Nxe4 5. d4 Nd6 6. Bxc6 dxc6 7. dxe5 Nf5
8. Qxd8+ Kxd8 9. Nc3 Ke8 10. h3 b6 11. Rd1 Bb4 12. Ne2 Ba6 13. Ned4 Nxd4 14.
Nxd4 Bc5 15. Nf5 Rg8 16. Bg5 h6 17. Bh4 g5 18. Bg3 Bc8 19. Nxh6 Rh8 20. Ng4
Bxg4 21. hxg4 Ke7 22. Rd3 Rad8 23. Rad1 Rxd3 24. Rxd3 Ke6 25. Rc3 Rd8 26. b4
Rd1+ 27. Kh2 Bxb4 28. Rxc6+ Kd7 29. Rf6 Ke7 30. f4 gxf4 31. Bxf4 Bd2 32. g3 Re1
33. Rc6 Kd7 34. Rf6 Ke7 35. Kg2 Bc3 36. Kf2 Ra1 37. Rc6 Bd4+ 38. Kf3 Kd7 39.
Rf6 Ke7 40. Ke4 c5 41. g5 Rxa2 42. g6 fxg6 43. Bg5 Ke8 44. Rd6 Ra1 45. Kd5 Bxe5
46. Kxe5 Kf7 47. Rd7+ Ke8 48. Re7+ Kf8 49. Kf6 b5 50. Kxg6 Ra6+ 51. Bf6 1-0

[Event "I Lublin GM Tournament 2009"]
[Site "Lubin POL"]
[Date "2009.06.05"]
[Round "8.2"]
[White "Malakhatko, Vadim"]
[Black "Khenkin, Igor"]
[Result "1/2-1/2"]
[WhiteElo "2618"]
[BlackElo "2630"]
[PlyCount "73"]
[EventDate "2009.05.29"]
[EventType "tourn"]
[EventRounds "9"]
[EventCountry "POL"]
[EventCategory "15"]
[Source "lmi"]
[SourceDate "2009.05.29"]

1. d4 Nf6 2. c4 e6 3. Nf3 d5 4. Nc3 dxc4 5. e4 Bb4 6. Bg5 c5 7. Bxc4 cxd4 8.
Nxd4 Bxc3+ 9. bxc3 Qa5 10. Nb5 Nxe4 11. Qd4 O-O 12. Qxe4 a6 13. Be7 axb5 14.
Bb4 Qc7 15. Bxf8 Kxf8 16. Bb3 Qxc3+ 17. Ke2 Qb2+ 18. Kf3 Qc3+ 19. Ke2 Qb2+ 20.
Kf3 Qc3+ 21. Qe3 Qf6+ 22. Qf4 Qc3+ 23. Qe3 Qf6+ 24. Qf4 Qc3+ 25. Ke2 Qb2+ 26.
Kf3 Qc3+ 27. Ke2 Qb2+ 28. Kd3 Nc6 29. Rad1 Qa3 30. Ke2 Qe7 31. Qd6 e5 32. Ke3
Nd4 33. Qxe7+ Kxe7 34. f4 Nxb3 35. axb3 exf4+ 36. Kxf4 Be6 37. Rhe1 1/2-1/2

[Event "I Lublin GM Tournament 2009"]
[Site "Lubin POL"]
[Date "2009.06.05"]
[Round "8.3"]
[White "Roiz, Michael"]
[Black "Grachev, Boris"]
[Result "1/2-1/2"]
[WhiteElo "2635"]
[BlackElo "2652"]
[PlyCount "60"]
[EventDate "2009.05.29"]
[EventType "tourn"]
[EventRounds "9"]
[EventCountry "POL"]
[EventCategory "15"]
[Source "lmi"]
[SourceDate "2009.05.29"]

1. c4 c6 2. Nf3 d5 3. e3 Nf6 4. d4 e6 5. Bd3 dxc4 6. Bxc4 Nbd7 7. O-O Bd6 8. b3
O-O 9. Bb2 Qe7 10. Re1 e5 11. e4 b5 12. Bf1 a6 13. Nbd2 Rd8 14. Qc2 Bb7 15. a4
Rac8 16. g3 g6 17. Bh3 Rb8 18. Bg2 Re8 19. Rad1 Rbd8 20. Qb1 Bb4 21. Qa1 Nh5
22. dxe5 Nc5 23. Bc3 Bxc3 24. Qxc3 Nd3 25. Rf1 Nxe5 26. Nxe5 Qxe5 27. Qxe5 Rxe5
28. Nf3 Ree8 29. e5 c5 30. axb5 axb5 1/2-1/2

[Event "I Lublin GM Tournament 2009"]
[Site "Lubin POL"]
[Date "2009.06.05"]
[Round "8.4"]
[White "Socko, Bartosz"]
[Black "Dziuba, Marcin"]
[Result "1/2-1/2"]
[WhiteElo "2637"]
[BlackElo "2535"]
[PlyCount "73"]
[EventDate "2009.05.29"]
[EventType "tourn"]
[EventRounds "9"]
[EventCountry "POL"]
[EventCategory "15"]
[Source "lmi"]
[SourceDate "2009.05.29"]

1. e4 c6 2. d4 d5 3. Nc3 dxe4 4. Nxe4 Bf5 5. Ng3 Bg6 6. Nh3 Nf6 7. Nf4 e5 8.
Nxg6 hxg6 9. dxe5 Qa5+ 10. Bd2 Qxe5+ 11. Qe2 Qxe2+ 12. Bxe2 Nbd7 13. O-O-O Bc5
14. f3 Nb6 15. c4 O-O-O 16. Kc2 Rhe8 17. Bd3 Nbd7 18. Bc3 Nf8 19. b4 Bd6 20.
Ne4 Nxe4 21. Bxe4 Be5 22. Rxd8+ Kxd8 23. h4 Bxc3 24. Kxc3 Nd7 25. Kd4 Nf6 26.
a4 Kc7 27. g4 Rd8+ 28. Ke3 a5 29. b5 Nxe4 30. fxe4 Kb6 31. bxc6 bxc6 32. Rb1+
Kc5 33. Rb7 Rf8 34. Kd3 Rd8+ 35. Ke3 Rf8 36. Kd3 Rd8+ 37. Ke3 1/2-1/2